Statistics for 2024年阪神タイガースの全選手

Click here to take the quiz!

General Stats

  • This quiz has been taken 48 times
  • The average score is 35 of 74

Answer Stats

背番号選手名% Correct
12坂本誠志郎
93%
2梅野隆太郎
89%
3大山悠輔
89%
5近本光司
89%
8佐藤輝明
89%
51中野拓夢
86%
7ノイジー
82%
13岩崎優
82%
16西勇輝
82%
55ミエセス
82%
17青柳晃洋
79%
41村上頌樹
75%
15西純矢
75%
1森下翔太
75%
33糸原健斗
71%
0木浪聖也
71%
00
ゲラ
71%
94原口文仁
68%
53島田海吏
64%
60小野寺暖
64%
27伊藤将司
61%
25渡邉諒
61%
54加治屋蓮
57%
14岩貞祐太
57%
69石井大智
57%
62植田海
57%
65湯浅京己
54%
49大竹耕太郎
54%
57長坂拳弥
50%
58前川右京
50%
38小幡竜平
50%
37及川雅貴
46%
39榮枝裕貴
46%
35才木浩人
46%
4熊谷敬宥
43%
99ビーズリー
43%
129髙橋遥人
43%
19下村海翔
43%
130佐藤蓮
39%
32井上広大
39%
21秋山拓巳
39%
20森木大智
36%
46島本浩也
36%
47桐敷拓馬
36%
132マルティネス
36%
43髙濱祐仁
36%
50富田蓮
32%
30門別啓人
32%
26椎葉剛
32%
45遠藤成
32%
68中川勇斗
29%
95片山雄哉
29%
64岡留英貴
29%
36浜地真澄
29%
61豊田寛
29%
52山田脩也
29%
40井坪陽生
29%
67髙寺望夢
29%
63石黒佑弥
25%
59藤田健斗
25%
131ベタンセス
21%
44戸井零士
21%
122小川一平
21%
34漆原大晟
21%
56百﨑蒼生
18%
123松原快
18%
93岩田将貴
18%
66津田淳哉
18%
28鈴木勇斗
18%
97野口恭佑
18%
126福島圭音
18%
127川原陸
14%
125伊藤稜
14%
48茨木秀俊
14%

Score Distribution

Percentile by Number Answered

Percent of People with Each Score

Your Score History

You have not taken this quiz